000 00586nam a2200193Ia 4500
005 20250508162203.0
008 008 250505s9999 xx 000 0 eng d
037 _aTextual
040 _aFEDL
_beng
_cFEDL
041 _aeng
_2eng
084 _a379.111, KOG
_qFEDL
100 _aKogan Maurice
245 0 _aEducational policy-making : A study of interest groups and parliament
260 _aLondon, UK
_bGeogre Allen and Unwin Ltd
_c1975
300 _a262p.
650 _aEducational planning
_9702217
942 _cTEXL
_h379.111, KOG
999 _c1374899
_d1374899